The book of kells: selected plates in full color

Salvato in:
Dettagli Bibliografici
Autore principale: Cirker, Blanche (Autore)
Natura: Libro
Lingua:inglese
Pubblicazione: Nueva York Dover 1982
Soggetti:
Tags: Aggiungi Tag
Nessun Tag, puoi essere il primo ad aggiungerne!!

MARC

LEADER 00000nam a2200000 a 4500
001 UCT0898
003 CL-VaPUC
008 960913e19820000US |||||||||||||||||eng|d
082 0 4 |a 745.67  |b CIR  |2 21 
100 0 |a Cirker, Blanche  |e author  |9 369479 
245 1 4 |a The book of kells: selected plates in full color 
300 |a 32 p 
942 |c BK 
945 |d 19960913 00:00:00  |a nastorga 
260 |a Nueva York  |b Dover  |c 1982 
650 0 |a Material visual  |9 327831 
650 0 |a Dibujos  |9 264123 
650 0 |a Pinturas  |9 347968 
650 0 |a Textos sagrados   |9 257605 
650 0 |a Ilustraciones  |9 369481 
650 7 |a CUADROS  |2 CL-VaPUC  |9 369482 
583 |a last modification  |c 19960913 00:00:00  |k Rodrigo Vera 
999 |c 251586  |d 251584 
952 |0 0  |1 0  |4 0  |6 745_670000000000000_CIR_1982  |7 0  |8 A  |9 270859  |a BIBARQ  |b BIBARQ  |d 2019-11-19  |i 3230384  |o 745.67 CIR 1982  |p 3230384  |r 2025-01-20  |w 2019-11-19  |y BK  |k ARQ